|
|
|
|
| LEADER |
00000nab a2200000 a 4500 |
| 001 |
vtls000323227 |
| 003 |
SK-MaSNL |
| 005 |
20260302224939.0 |
| 008 |
111201c1988 xo 0 slo |
| 015 |
|
|
|a SNBRB19rr/mm-uuuuu
|
| 035 |
|
|
|a CL0323349
|
| 040 |
|
|
|a SNKBUCL
|b slo
|c SNKBUCL
|e AACR2
|
| 041 |
0 |
|
|a slo
|
| 044 |
|
|
|a xo
|c SK
|
| 080 |
|
|
|a 539.19
|2 1981
|
| 100 |
1 |
|
|a Hladký, Jan
|4 aut
|9 452841
|
| 245 |
1 |
0 |
|a Vesmír sa snúbi s mikrosvetom
|c Jan Hladký
|
| 300 |
|
|
|b Obr. 8. Tb. 1. Sch. 2.
|
| 650 |
0 |
7 |
|a fyzika elementárnych častíc
|2 snkbucl
|9 68718
|
| 650 |
0 |
7 |
|a hadróny
|2 snkbucl
|9 956747
|
| 650 |
0 |
7 |
|a leptóny
|2 snkbucl
|9 922389
|
| 650 |
0 |
7 |
|a kvarky
|2 snkbucl
|9 27335
|
| 655 |
|
7 |
|a články z novín a časopisov
|2 snkbucl
|9 267496
|
| 773 |
0 |
|
|t Elektrón
|g Roč. 16, č. 5 (1988), s. 6-13
|
| 850 |
|
|
|a Slovenská národná knižnica v Martine
|a MTA001
|
| 852 |
|
|
|a SNK
|b KIS3GCP
|
| 958 |
|
|
|a RK
|
| 992 |
|
|
|a RBX
|
| 999 |
|
|
|c 1526708
|d 1528638
|